000 00809nam a22002177a 4500
999 _c5055
_d5055
003 AR-CdUCM
008 190311b ||||| |||| 00| 0 spa d
040 _aMUNICIPALIDAD PROVINCIAL DEL CUSCO
_cBIBLIOTECA MUNICIPAL DEL CUSCO
082 _a807.3 /
_bA58
100 _aÁngeles Caballero, César A
_915434
245 _aIntroducción a los estudios literarios :
_bCurso universitario /
260 _aAncash :
_bLibrería e Imprenta Huari.
_c1963.
300 _a88 paginas ;
_c21 cm.
500 _aDonación familia Nieto.
505 _aContenido :Los géneros literarios -- Los géneros poéticos -- La historia literaria -- La estilística -- El gusto literario ...
650 _aLiteratura
_983
650 _aEstética
_9589
650 _aLiteratura Peruana
_9132
942 _2ddc
_cLIBROS
945 _arum